[Event "Reykjavik op"]
[Site "Reykjavik"]
[Date "2025.04.12"]
[Round "5"]
[White "Billman, Brian"]
[Black "Gulyas, Adam Ferenc"]
[Result "0-1"]
[WhiteElo "1561"]
[BlackElo "1722"]
[PlyCount "82"]
[EventDate "2025.04.09"]
[EventType "swiss"]
[EventRounds "9"]
[EventCountry "ISL"]
[SourceTitle "CB17_2025"]
[SourceDate "2025.04.23"]
[SourceVersion "1"]
[SourceVersionDate "2025.04.23"]
[SourceQuality "1"]

1. d4 Nf6 2. c4 g6 3. Nc3 d5 4. h3 Bg7 5. Nf3 0-0 6. Bg5 Ne4 7. Bf4 Nxc3 8. bxc3 c5 9. e3 Nc6 10. Qb3 dxc4 11. Bxc4 Na5 12. Qa4 Nxc4 13. Qxc4 cxd4 14. exd4 Be6 15. Qb4 Bd5 16. Ke2 Re8 17. Rhd1 b5 18. Qb2 Qc8 19. Ne1 Bc4+ 20. Nd3 Qf5 21. Be3 e5 22. g4 Qe4 23. f3 Qd5 24. Kf2 exd4 25. Bxd4 Bxd4+ 26. cxd4 h5 27. a3 Qd6 28. Ne5 f6 29. Nxc4 bxc4 30. Kg2 Re3 31. Re1 Rb3 32. Qe2 Qd5 33. Qe6+ Qxe6 34. Rxe6 Rc8 35. Rxf6 c3 36. Rc1 c2 37. Kg3 Rb1 38. Rxc2 Rxc2 39. Kf4 Re2 40. Ra6 Rb5 41. h4 Rd5 0-1

[Event "Godinn CC op"]
[Site "Skutustadir"]
[Date "2025.03.16"]
[Round "6"]
[White "Gulyas, Adam Ferenc"]
[Black "Stefansson, Benedikt"]
[Result "0-1"]
[WhiteElo "1754"]
[BlackElo "1721"]
[PlyCount "51"]
[EventDate "2025.03.13"]
[EventType "swiss"]
[EventRounds "6"]
[EventCountry "ISL"]
[SourceTitle "CB12_2025"]
[SourceDate "2025.03.19"]
[SourceVersion "1"]
[SourceVersionDate "2025.03.19"]
[SourceQuality "1"]

1. e4 e6 2. d4 d5 3. e5 c5 4. c3 Nc6 5. Nf3 Qb6 6. Bd3 Bd7 7. 0-0 cxd4 8. cxd4 Nxd4 9. Nxd4 Qxd4 10. Nc3 Qb6 11. Kh1 Ne7 12. f4 Bc6 13. Qe2 d4 14. Nb5 Nd5 15. Bd2 0-0-0 16. a4 a5 17. Rac1 Kb8 18. f5 Be7 19. fxe6 fxe6 20. Qg4 Ne3 21. Bxe3 dxe3 22. Be4 Bxb5 23. axb5 Qxb5 24. Rf7 e2 25. h4 Rhf8 26. Bf3 0-1

[Event "Godinn CC op"]
[Site "Skutustadir"]
[Date "2025.03.15"]
[Round "5"]
[White "Isleifsson, Runar"]
[Black "Gulyas, Adam Ferenc"]
[Result "1-0"]
[WhiteElo "1883"]
[BlackElo "1754"]
[PlyCount "119"]
[EventDate "2025.03.13"]
[EventType "swiss"]
[EventRounds "6"]
[EventCountry "ISL"]
[SourceTitle "CB12_2025"]
[SourceDate "2025.03.19"]
[SourceVersion "1"]
[SourceVersionDate "2025.03.19"]
[SourceQuality "1"]

1. e4 e5 2. Nf3 Nc6 3. d4 exd4 4. Nxd4 Bc5 5. Be3 Qf6 6. c3 Nge7 7. Bc4 0-0 8. 0-0 d6 9. Nxc6 Nxc6 10. Bxc5 dxc5 11. f4 Be6 12. Bd3 Rad8 13. Qf3 Na5 14. Na3 c4 15. Bc2 Bc8 16. Qe3 Qb6 17. Qxb6 axb6 18. h3 f6 19. Rad1 c6 20. Rxd8 Rxd8 21. Rd1 Rxd1+ 22. Bxd1 Kf7 23. Kf2 b5 24. Nc2 c5 25. Ne3 b4 26. Nd5 Be6 27. Nb6 Ke7 28. Bg4 Bxg4 29. hxg4 Kd6 30. Nd5 Nc6 31. Ne3 g6 32. Nxc4+ Ke6 33. Ke3 b5 34. Nd2 bxc3 35. bxc3 Na5 36. Kf3 h6 37. Ke3 Kd6 38. Kd3 Ke6 39. Nf3 Kf7 40. e5 fxe5 41. Nxe5+ Kg7 42. Ke4 Nb7 43. Kd5 h5 44. gxh5 gxh5 45. Kc6 Nd8+ 46. Kxb5 Ne6 47. f5 Nf4 48. Kxc5 Nxg2 49. a4 h4 50. Ng4 h3 51. a5 Ne3 52. f6+ Kf7 53. a6 Nxg4 54. a7 h2 55. a8Q Nf2 56. Qa2+ Kf8 57. Qxf2 h1Q 58. Qd4 Qh5+ 59. Qd5 Qg4 60. Qd6+ 1-0

[Event "Godinn CC op"]
[Site "Skutustadir"]
[Date "2025.03.13"]
[Round "1"]
[White "Birkisson, Bardur Orn"]
[Black "Gulyas, Adam Ferenc"]
[Result "1-0"]
[WhiteElo "2325"]
[BlackElo "1754"]
[PlyCount "116"]
[EventDate "2025.03.13"]
[EventType "swiss"]
[EventRounds "6"]
[EventCountry "ISL"]
[SourceTitle "CB12_2025"]
[SourceDate "2025.03.19"]
[SourceVersion "1"]
[SourceVersionDate "2025.03.19"]
[SourceQuality "1"]

1. e4 e5 2. Nf3 Nc6 3. Nc3 Nf6 4. Bb5 a6 5. Bxc6 dxc6 6. Nxe5 Nxe4 7. Nxe4 Qd4 8. 0-0 Qxe5 9. d4 Qd5 10. Re1 Be6 11. Bg5 h6 12. Bh4 Bd6 13. b3 b5 14. Rc1 b4 15. c4 bxc3 16. Nxc3 Qf5 17. d5 cxd5 18. Nxd5 0-0 19. Nxc7 Bxc7 20. Rxc7 Qa5 21. Rc2 Qb4 22. Bg3 Rfd8 23. Qe2 Rd3 24. h3 Rad8 25. Rec1 a5 26. Kh2 a4 27. bxa4 Qxa4 28. Be5 Qb4 29. Rc7 Qb5 30. R1c2 Qd5 31. R7c5 Qa8 32. Rc6 Rd1 33. R6c3 Qa5 34. Bc7 Qd5 35. Bxd8 Qxd8 36. Rg3 Qd4 37. Rb2 Bc4 38. Rb8+ Kh7 39. Qb2 Qxb2 40. Rxb2 Ra1 41. Ra3 Be6 42. Ra7 Kg6 43. a4 Kf6 44. a5 Ke5 45. f3 g5 46. Rb8 h5 47. Rb5+ Kf6 48. h4 g4 49. Rxh5 gxf3 50. gxf3 Kg6 51. Rc5 Ra4 52. h5+ Kh6 53. Kg3 Ra1 54. Rb7 Ra4 55. Rb6 Kg7 56. a6 Bc4 57. h6+ Kh7 58. Rc7 Bxa6 1-0